LEADER 01064nam0-22003851i-450- 001 990001118480403321 005 20060718114231.0 010 $a0-7382-0296-7 035 $a000111848 035 $aFED01000111848 035 $a(Aleph)000111848FED01 035 $a000111848 100 $a20001205d1996----km-y0itay50------ba 101 0 $aeng 102 $aUS 105 $ac-------001yy 200 1 $aFeynman lectures on computation$fRichard P. Feynman$gedited by Tony Hey, Robin W.Allen 205 $aReprinted with corrections in 1999 210 $a[s. l.]$cWestview$d1999 215 $axiv, 303 p.$d24 cm 610 0 $aTeoria dell'informazione 676 $a004.01 700 1$aFeynman,$bRichard Phillips$046772 702 1$aAllen,$bRobin W. 702 1$aHey,$bTony 801 0$aIT$bUNINA$gRICA$2UNIMARC 901 $aBK 912 $a990001118480403321 952 $a8A-056$fFI1 952 $aMAI-68-016$b19958$fMA1 959 $aFI1 959 $aMA1 962 $a68-02 996 $aFeynman lectures on computation$9336740 997 $aUNINA LEADER 01329oam 2200397zu 450 001 9911018822103321 005 20260218220431.0 010 $a0-470-01125-4 035 $a(CKB)1000000000377151 035 $a(SSID)ssj0000354220 035 $a(PQKBManifestationID)11281502 035 $a(PQKBTitleCode)TC0000354220 035 $a(PQKBWorkID)10302254 035 $a(PQKB)11333186 035 $a(EXLCZ)991000000000377151 100 $a20160829d2005 uy 101 0 $aeng 181 $ctxt 182 $cc 183 $acr 200 10$aFreshwater Microbiology: Biodiversity and Dynamic Interactions of Microorganisms in the Aquatic Environment 210 31$a[Place of publication not identified]$cJohn Wiley & Sons Incorporated$d2005 300 $aBibliographic Level Mode of Issuance: Monograph 311 08$a0-471-48528-4 606 $aMicrobiology & Immunology$2HILCC 606 $aBiology$2HILCC 606 $aHealth & Biological Sciences$2HILCC 615 7$aMicrobiology & Immunology 615 7$aBiology 615 7$aHealth & Biological Sciences 700 $aSigee$b David C.$0443091 801 0$bPQKB 906 $aBOOK 912 $a9911018822103321 996 $aFreshwater Microbiology: Biodiversity and Dynamic Interactions of Microorganisms in the Aquatic Environment$94416014 997 $aUNINA